000 00288nam a22001337a 4500
008 170616b xxu||||| |||| 00| 0 eng d
020 _a0023606258
041 _aeng
080 _a32
100 _a20
101 _aSHP
245 _aGROUP SUPPORT SYSTEMS
_cJESSUP, L.M
942 _2udc
_cBK
999 _c17742
_d17742